Building a Medical Vocabulary with Spanish Translations (Record no. 2019)

MARC details
000 -LEADER
fixed length control field 00344nam a22001337a 4500
008 - FIXED-LENGTH DATA ELEMENTS--GENERAL INFORMATION
fixed length control field 250228b |||||||| |||| 00| 0 eng d
020 ## - INTERNATIONAL STANDARD BOOK NUMBER
ISBN 9780323427944
100 ## - MAIN ENTRY--AUTHOR
Author Leonard Peggy
245 ## - TITLE STATEMENT
Title Building a Medical Vocabulary with Spanish Translations
250 ## - EDITION STATEMENT
Edition statement 10th
260 ## - PUBLICATION, DISTRIBUTION, ETC. (IMPRINT)
Place of publication St. Louis
Name of publisher Elsevier
Date of publication 2018
300 ## - COLLATION
Pagination ix,710p
942 ## - ADDED ENTRY ELEMENTS (KOHA)
Item type Books
Holdings
Source of classification or shelving scheme Not for loan Permanent location Current location Date acquired Accession No. Full call number Barcode. Koha item type
Library of Congress Classification   Samuel Ogbemudia Main Library, University of Abuja Samuel Ogbemudia Main Library, University of Abuja 02/28/2025 2024/64194 R123.L46 2025-0160 Books